Van Model to Make — Click Quiz - Statistics

General Stats
  • This quiz has been taken 93 times
  • The average score is 6 of 15
Answer Stats
Hint Answer % Correct
Transit Ford
83%
Berlingo Citroën
63%
Sprinter Mercedes-Benz
57%
Transporter Volkswagen
54%
Ducato Fiat
51%
Trafic Renault
51%
Vivaro Vauxhall
47%
Boxer Peugeot
33%
Daily Iveco
29%
Hijet Daihatsu
26%
Express Chevrolet
25%
Bongo Mazda
20%
Convoy LDV
18%
Townstar Nissan
16%
Eeco Suzuki
11%
No matching quizzes found
Score Distribution
Percent of People with Each Score
Percentile by Number Answered
Your Score History
You have not taken this quiz